[Event "Aktobe Dvorkovich Rapid op"]
[Site "Aktobe"]
[Date "2022.06.21"]
[Round "5"]
[White "Akhmet, Suleyman"]
[Black "Afanasiev, Nikita"]
[Result "0-1"]
[WhiteElo "1457"]
[BlackElo "2583"]
[PlyCount "74"]
[EventDate "2022.06.21"]
[EventType "swiss (rapid)"]
[EventRounds "9"]
[EventCountry "KAZ"]
[SourceTitle "CBM 209 Extra"]
[Source "ChessBase"]
[SourceDate "2022.09.30"]
[SourceVersion "1"]
[SourceVersionDate "2022.09.30"]
[SourceQuality "1"]

1. d4 g6 2. c4 Bg7 3. Nc3 e6 4. e4 Ne7 5. Be3 d5 6. e5 Nbc6 7. Nf3 h6 8. Be2 b6 9. Rc1 Bb7 10. 0-0 dxc4 11. Bxc4 0-0 12. Qe2 Nf5 13. Rfd1 Nce7 14. g4 Nxe3 15. fxe3 Rc8 16. Ba6 Ba8 17. Bxc8 Qxc8 18. Nd2 c5 19. Nde4 Qc6 20. Qg2 Kh8 21. Rd2 cxd4 22. exd4 Qd7 23. Qf2 Qc6 24. Qg2 g5 25. Nd6 Qd7 26. Qg3 f5 27. gxf5 exf5 28. d5 f4 29. Qe1 Ng6 30. Ncb5 Nxe5 31. Rc7 Qg4+ 32. Kf2 Bxd5 33. Rxd5 Qf3+ 34. Kg1 Qxd5 35. Qe4 Qd1+ 36. Kg2 f3+ 37. Kf2 Qd2+ 0-1